Biología 2§ medio: texto para el profesor
Furkejuvvon:
| Váldodahkkit: | , |
|---|---|
| Eará dahkkit: | |
| Materiálatiipa: | Girji |
| Giella: | espánnjágiella |
| Almmustuhtton: |
Santiago
Arrayán
2001
|
| Preanttus: | 1a. ed |
| Ráidu: | Sector: Ciencias Naturales
|
| Fáttát: | |
| Fáddágilkorat: |
Lasit fáddágilkoriid
Eai fáddágilkorat, Lasit vuosttaš fáddágilkora!
|
MARC
| LEADER | 00000nam a2200000 a 4500 | ||
|---|---|---|---|
| 001 | UCL1881 | ||
| 003 | CL-VaPUC | ||
| 008 | 030926e20010000CL |||||||||||||||||spa|d | ||
| 020 | |a 9562403157 | ||
| 082 | 0 | 4 | |a 570.712 |b KAL |2 21 |
| 100 | |a Kaluf Fuentes, cecilia |e author |9 560826 | ||
| 700 | |a Núñez Jiménez, Sergio |e autor |9 547424 | ||
| 700 | 0 | |a Uribe Martínez, Rosa |e author |9 478786 | |
| 245 | 1 | 0 | |a Biología 2§ medio: texto para el profesor |
| 250 | |a 1a. ed | ||
| 300 | |a 173 p | ||
| 942 | |c BK | ||
| 945 | |d 20030926 00:00:00 |a cmena | ||
| 260 | |a Santiago |b Arrayán |c 2001 | ||
| 650 | 0 | |a Educación científica |9 307484 | |
| 650 | 0 | |a Libros de texto |9 270019 | |
| 650 | 0 | |a Métodos de enseñanza |9 270413 | |
| 650 | 0 | |a Biología |9 262022 | |
| 583 | |a last modification |c 20190610 15:15:02 |k Rodrigo Vera | ||
| 490 | 0 | |a Sector: Ciencias Naturales | |
| 999 | |c 305320 |d 305318 | ||
| 952 | |0 0 |1 0 |4 0 |6 570_712000000000000_KAL_2001 |7 0 |8 P |9 368670 |a BIBEDU |b BIBEDU |d 2019-11-21 |i 3943747 |o 570.712 KAL 2001 |p 3943747 |r 2019-11-21 |w 2019-11-21 |y BK |k EBA | ||
| 952 | |0 0 |1 0 |4 0 |6 570_712000000000000_KAL_2001 |7 0 |8 P |9 368671 |a BIBEDU |b BIBEDU |c BIBEDU_PB |d 2019-11-21 |i 3943798 |o 570.712 KAL 2001 |p 3943798 |r 2024-01-25 |w 2019-11-21 |y BK |k EBA | ||
| 952 | |0 0 |1 0 |4 0 |6 570_712000000000000_KAL_2001 |7 0 |8 P |9 368673 |a BIBEDU |b BIBEDU |d 2019-11-21 |i 394381K |o 570.712 KAL 2001 |p 394381K |r 2019-11-21 |w 2019-11-21 |y BK |k EBA | ||
| 952 | |0 0 |1 0 |4 0 |6 570_712000000000000_KAL_2001 |7 0 |8 P |9 368674 |a BIBEDU |b BIBEDU |d 2019-11-21 |i 3943836 |o 570.712 KAL 2001 |p 3943836 |r 2019-11-21 |w 2019-11-21 |y BK |k EBA | ||